00734 2200289 4500001002100000005001500021035002500036020002200061040001200083082001900095084001900114090001800133100001600151245004400167250001000211260003300221300003800254650002000292700001500312850001300327990001700340990001700357990001800374990001700392990001700409990001800426YOGYA00000000010025620200723084145 a0010-111300000000372 a978-602-8811-19-4 aYOPDDIY 2[22]a899.2213 a899.2213 TAS r a899.223 Tas R aTASARO G.K. aRindu purnama /cpenyunting Dhewiberta. aCet.1 aYogyakarta :bBentang,c2011 a346 hlm. :bilus. ;c21cm.(3 eks) aFiksi Indonesia aDhewiberta aBPAD DIY a4092-PD/B.13 a4093-PD/B.13 a40940-PD/B.13 a4093-PD/B.13 a4092-PD/B.13 a40940-PD/B.13